Sports Quiz

Random Sports or Soccer Quiz

Fa cup winning teams Quiz Stats

 Plays Quiz not verified by Sporcle

Challenge
Share
Tweet
Embed
Score 0/42 Timer 12:00
0 Plays Today
number of times won % Correct
6chelsea
98.6%
10arsenal
97.1%
7liverpool
94.3%
5everton
94.3%
11manchester united
92.9%
5manchester city
87.1%
7aston villa
84.3%
6newcastle
77.1%
6blackburn
74.3%
3west ham
72.9%
2sunderland
72.9%
2nottingham forest
70%
5west brom
67.1%
8spurs
65.7%
1leeds
65.7%
4bolton
64.3%
3sheffield wednesday
62.9%
4sheffield united
60%
2portsmouth
60%
1wimbledon
60%
1ipswich
60%
number of times won % Correct
4wolves
58.6%
1coventry
57.1%
1derby
55.7%
1blackpool
55.7%
1burnley
55.7%
1charlton
51.4%
2preston
50%
1southampton
48.6%
1notts county
48.6%
1cardiff city
45.7%
1barnsley
41.4%
1huddersfield
40%
1royal engineers
35.7%
2bury
32.9%
2old etonians
28.6%
5wanderers
25.7%
1bradford city
22.9%
1oxford university
17.1%
1clapham rovers
15.7%
1old carthusians
15.7%
1blackburn olympic
14.3%

You're not logged in!

Compare scores with friends on all Sporcle quizzes.
Join for Free
OR
Log In

You Might Also Like...

Show Comments

Extras

Top Quizzes Today


Score Distribution

Your Account Isn't Verified!

In order to create a playlist on Sporcle, you need to verify the email address you used during registration. Go to your Sporcle Settings to finish the process.

Report this User

Report this user for behavior that violates our Community Guidelines.

Details: